La locura de Jesús (Record no. 33610)

MARC details
000 -LEADER
campo de control de longitud fija 00579nam a2200169 i 4500
001 - NÚMERO DE CONTROL
campo de control 33610
003 - IDENTIFICADOR DE NÚMERO DE CONTROL
campo de control ES-MaACL
005 - FECHA Y HORA DE LA ÚLTIMA TRANSACCIÓN
campo de control 20230906154805.0
007 - CAMPO FIJO DE DESCRIPCIÓN FÍSICA--INFORMACIÓN GENERAL
campo de control de longitud fija t|
008 - DATOS DE LONGITUD FIJA--INFORMACIÓN GENERAL
campo de control de longitud fija 030202s1931 sp ||||1| spa d
100 1# - ENTRADA PRINCIPAL--NOMBRE DE PERSONA
Nombre de persona Binet-Sangle, Charles.
9 (RLIN) 28920
245 13 - MENCIÓN DEL TÍTULO
Título La locura de Jesús
Resto del título : resumen de la célebre obra que ha producido más emoción en el mundo /
Mención de responsabilidad, etc. Charles Binet-Sangle ; traducción de Luis N. de Castro.
260 ## - PUBLICACIÓN, DISTRIBUCIÓN, ETC.
Lugar de publicación, distribución, etc. Barcelona :
Nombre del editor, distribuidor, etc. Jasón,
Fecha de publicación, distribución, etc. 1931 (
Fabricante Imp. Costa)
300 ## - DESCRIPCIÓN FÍSICA
Extensión 402 p. ;
Dimensiones 22 cm.
700 1# - ENTRADA AGREGADA--NOMBRE PERSONAL
Nombre de persona Castro, Luis N. de.
9 (RLIN) 36877
852 ## - LOCALIZACIÓN
Ubicación ES-MaACL
Número de control de estantería A-1271
Holdings
Estatus retirado Estado de pérdida Estado de daño No para préstamo Biblioteca de origen Biblioteca actual Ubicación en estantería Fecha de adquisición Fuente de adquisición Total de préstamos Signatura topográfica completa Código de barras Visto por última vez Precio de reemplazo Tipo de ítem Koha
        Biblioteca del Ateneo de Madrid Biblioteca del Ateneo de Madrid Sala Pecera Planta 1 17/01/2008     A-1271 1034973 23/02/2023 23/02/2023 Libro impreso